000 00316nam a22001457a 4500
008 210526b ||||| |||| 00| 0 eng d
020 _a0534010334
041 _aeng
080 _a611
082 _a611
100 _a7
101 _aANA
245 _aHuman Anatomy and Physiology
_cCreager,J.G
942 _2udc
_cBK
999 _c57628
_d57628